Divák a peoplemeter
Metodika výskumu a zvyklosti respondentov po prechode z denníčkov na peoplemetre. Špecifiká v peoplemetrovom prieskume na Slovensku.
Salvato in:
| Autore principale: | |
|---|---|
| Natura: | Capitolo di libro |
| Lingua: | slovacco |
| Soggetti: | |
| Tags: |
Nessun Tag, puoi essere il primo ad aggiungerne!!
|
MARC
| LEADER | 00000naa$a2200000$$$4500 | ||
|---|---|---|---|
| 001 | 0024216 | ||
| 005 | 20231004064943.9 | ||
| 041 | 0 | |a slo | |
| 044 | |a SK | ||
| 245 | 1 | 0 | |a Divák a peoplemeter |c Ivana Šimlovičová |
| 520 | |a Metodika výskumu a zvyklosti respondentov po prechode z denníčkov na peoplemetre. Špecifiká v peoplemetrovom prieskume na Slovensku. | ||
| 610 | 2 | 0 | |a peoplemetre |
| 610 | 2 | 0 | |a televízia |
| 610 | 2 | 0 | |a výskum |
| 610 | 2 | 0 | |a Slovensko |
| 100 | 1 | |a Šimlovičová, Ivana | |